LEADER 01075nam0 2200301 450 001 000017519 005 20081014122107.0 010 $a3540189912 100 $a20081014d1988----km-y0itay50------ba 101 0 $aeng 102 $aDE 105 $ay-------101yy 200 1 $aSupercomputing$e1. international conference, Athens, Greece, June 8-12, 1987$eproceedings$fE. N. Houstis, T. S. Papatheodorou, C. D. Polychronopoulos (eds.) 210 $aBerlin [etc.]$cSpringer$dc1988 215 $aX, 1093 p.$d25 cm 225 2 $aLecture notes in computer science$v297 410 0$12001$aLecture notes in computer science 516 1 $aSupercomputing 1987 610 1 $aSuperelaboratori digitali$aCongressi$aAtene$a1987 676 $a004.11$v20$9Superelaboratori digitali 702 1$aHoustis,$bElias N. 702 1$aPapatheodorou,$bTheodore S. 702 1$aPolychronopoulos,$bConstantine D. 801 0$aIT$bUNIPARTHENOPE$c20081014$gRICA$2UNIMARC 912 $a000017519 951 $aM 004.11/1$bM 859$cDSA$d2008 996 $aSupercomputing$9975550 997 $aUNIPARTHENOPE